000
00322nam a2200109Ia 4500
008
200302s9999 xx 000 0 und d
100
_a
Branko Kolarevic & Other
245
_a
Manufacturing Material Effects:Rethinking Design and Making in Architecture
260
_b
Taylor &Francis Group
260
_c
2010
300
_a
316 P.,
999
_c
3257
_d
3257